<?xml version="1.0" encoding="UTF-8"?>
<record
    xmlns:xsi="http://www.w3.org/2001/XMLSchema-instance"
    xsi:schemaLocation="http://www.loc.gov/MARC21/slim http://www.loc.gov/standards/marcxml/schema/MARC21slim.xsd"
    xmlns="http://www.loc.gov/MARC21/slim">

  <leader>01797 am a2200349 a 4500</leader>
  <controlfield tag="005">20240701132015.0</controlfield>
  <controlfield tag="008">100831s1988||||ag d   f |||| 001 0 spa d</controlfield>
  <datafield tag="020" ind1=" " ind2=" ">
    <subfield code="a">9509901989</subfield>
  </datafield>
  <datafield tag="041" ind1=" " ind2=" ">
    <subfield code="a">spa</subfield>
  </datafield>
  <datafield tag="092" ind1=" " ind2=" ">
    <subfield code="c">614.1</subfield>
    <subfield code="l">3</subfield>
    <subfield code="s">ALV</subfield>
  </datafield>
  <datafield tag="100" ind1="1" ind2=" ">
    <subfield code="a">&#xC1;lvarez Chavez, Victor Hugo.</subfield>
    <subfield code="9">1380</subfield>
  </datafield>
  <datafield tag="245" ind1=" " ind2=" ">
    <subfield code="a">Medicina legal del trabajo.</subfield>
    <subfield code="b">Doctrina. Legislaci&#xF3;n. Jurisprudencia sistematizada / </subfield>
    <subfield code="c">Victor Hugo &#xC1;lvarez Chavez</subfield>
  </datafield>
  <datafield tag="250" ind1=" " ind2=" ">
    <subfield code="a">1a ed.</subfield>
  </datafield>
  <datafield tag="260" ind1=" " ind2=" ">
    <subfield code="a">Buenos Aires: </subfield>
    <subfield code="b">Ediciones Jur&#xED;dicas;</subfield>
    <subfield code="c">1988.</subfield>
  </datafield>
  <datafield tag="300" ind1=" " ind2=" ">
    <subfield code="a">551 p.</subfield>
  </datafield>
  <datafield tag="500" ind1=" " ind2=" ">
    <subfield code="a">&#xC1;lvarez Chavez, V. H. y Solis Cabrera, R. W. (1988). Medicina legal del trabajo. Doctrina. Legislaci&#xF3;n. Jurisprudencia sistematizada. (1a ed.). Buenos Aires : Ediciones Jur&#xED;dicas.</subfield>
  </datafield>
  <datafield tag="590" ind1=" " ind2=" ">
    <subfield code="a">Donaci&#xF3;n de Dra Teresa Giulitta.</subfield>
  </datafield>
  <datafield tag="653" ind1=" " ind2=" ">
    <subfield code="a">Infortunios laborales</subfield>
  </datafield>
  <datafield tag="653" ind1=" " ind2=" ">
    <subfield code="a">Incapacidades laborativas</subfield>
  </datafield>
  <datafield tag="653" ind1=" " ind2=" ">
    <subfield code="a">Enfermedades producidas por el esfuerzo</subfield>
  </datafield>
  <datafield tag="653" ind1=" " ind2=" ">
    <subfield code="a">Trauma y enfermedades profesionales</subfield>
  </datafield>
  <datafield tag="653" ind1=" " ind2=" ">
    <subfield code="a">Enfermedades profesionales</subfield>
  </datafield>
  <datafield tag="653" ind1=" " ind2=" ">
    <subfield code="a">Saturnismo. Hidrargirismo. Oftalmia amoniacal. Enfisema pulmonar. Arsenicismo. Hidrocarburismo. Fosforismo. Sulfucarburismo</subfield>
  </datafield>
  <datafield tag="653" ind1=" " ind2=" ">
    <subfield code="a">Enfermedades de "Caissons". Inspecci&#xF3;n carbonosa o antrax. Dematosis. Anquilostomiasis o urcinariasis. Brucelosis. Transtornos patol&#xF3;gicos debidos al radio, rayos X y substancias radioactivas</subfield>
  </datafield>
  <datafield tag="653" ind1=" " ind2=" ">
    <subfield code="a">Epiteliomas primitivos de la piel por: alquitran, brea, betun, aceites minerales o compuestos </subfield>
  </datafield>
  <datafield tag="653" ind1=" " ind2=" ">
    <subfield code="a">Bronquitis. Cronismo. Peste bubonica, Anilismo. Paludismo. Hernia. Tifus exantematico. Nefritis. Reumatismo</subfield>
  </datafield>
  <datafield tag="653" ind1=" " ind2=" ">
    <subfield code="a">Indemnizaci&#xF3;n de los infortunios del trabajo en la jurisprudencia</subfield>
  </datafield>
  <datafield tag="653" ind1=" " ind2=" ">
    <subfield code="a">Fallos plenarios de interes m&#xE9;dico legal</subfield>
  </datafield>
  <datafield tag="700" ind1="1" ind2=" ">
    <subfield code="a">Solis Cabrera, Ricardo W.</subfield>
    <subfield code="9">1381</subfield>
  </datafield>
  <datafield tag="930" ind1=" " ind2=" ">
    <subfield code="a">288</subfield>
  </datafield>
  <datafield tag="942" ind1=" " ind2=" ">
    <subfield code="2">ddc</subfield>
    <subfield code="c">BK</subfield>
  </datafield>
  <datafield tag="999" ind1=" " ind2=" ">
    <subfield code="c">653</subfield>
    <subfield code="d">653</subfield>
  </datafield>
  <datafield tag="952" ind1=" " ind2=" ">
    <subfield code="0">0</subfield>
    <subfield code="1">0</subfield>
    <subfield code="4">0</subfield>
    <subfield code="7">0</subfield>
    <subfield code="a">BFM</subfield>
    <subfield code="b">BFM</subfield>
    <subfield code="c">CR</subfield>
    <subfield code="d">2011-05-13</subfield>
    <subfield code="l">1</subfield>
    <subfield code="m">2</subfield>
    <subfield code="o">614.1 3 ALV</subfield>
    <subfield code="p">288</subfield>
    <subfield code="r">2014-11-06</subfield>
    <subfield code="s">2014-03-10</subfield>
    <subfield code="t">ej.1</subfield>
    <subfield code="w">2011-05-13</subfield>
    <subfield code="y">BK</subfield>
  </datafield>
</record>
